Star Wars. Who said that? - Statistics

General Stats
  • This quiz has been taken 1,528 times
  • The average score is 12 of 30
Answer Stats
Hint Answer % Correct
"Never tell me the odds" Han Solo
94%
"Its a Trap!" Admiral Ackbar
87%
"Mesa your humble servant" Jar Jar Binks
73%
"I have a bad feeling about this"(Episode 4) Luke Skywalker/Han Solo
58%
"Utini" Jawa
56%
"We are keepers of the peace, not soldiers" Mace Windu
56%
"I have a bad feeling about this"(Episode 1) Obi Wan Kenobi
54%
"I have a bad feeling about this"(Episode 2) Anakin Skywalker
51%
"The ability to speak does not make you intelligent" Qui Gon Jinn
49%
"I have a bad feeling about this"(Episode 3) Obi Wan Kenobi
48%
"I have a bad feeling about this"(Episode 5) Leia
45%
"I have a bad feeling about this"(Episode 6) C-3P0/Han Solo
43%
"Brave but foolish, my old Jedi friend. You are impossibly outnumbered" Count Dooku/Darth Tyranus
43%
"So what I told you was true...from a certain point of view" Obi Wan Kenobi
43%
"Now, witness the power of this fully operational battle station" Emperor Palpatine
41%
"At last we will reveal our selves to the Jedi. At last we will have revenge" Darth Maul
40%
"Grrf!" Chewbacca
36%
"The Sith are extinct! They have been for nearly a millenium" Ki Adi Mundi
34%
"The circle is now complete" Darth Vader
33%
"Roger Roger" Battle Droids
31%
"I'm placing these droids in your care. Treat them well. Clean them up. Have the Protocal Droids mind wiped" Bail Organa
30%
"Many Bothans died to bring us this information" Mon Mothma
29%
"The war is over. Lord Sidious promised us peace. We only want..." Nute Gunray
28%
"I'm just a simple man, trying to make my way in the universe" Jango Fett
25%
"Why, you slimy, double crossing, no-good swindler" Lando Calrissian
25%
"Crush them. Make them suffer" General Grievous
16%
"Stay on target" Davish Krail
10%
"Master Skywalker. There are too many of them. What are we going to do" Jedi Youngling
8%
"I should think that you Jedi would have more respect for the difference between knowledge and...heh heh heh...wisdom." Dexter Jettster
5%
"I assure you, Lord Vader. My men are working as fast as they can" Moff Jerjerrod
5%
No matching quizzes found
Score Distribution
Percent of People with Each Score
Percentile by Number Answered
Your Score History
You have not taken this quiz